000 00273nam a2200109Ia 4500
008 230312s9999||||xx |||||||||||||| ||und||
082 _a759.95491
_bWEL-I
100 _aWellet richard
245 0 _aInnovation in landscape architecture
650 _aArchitecture
942 _cBK
999 _c14492
_d14492